KOHA-Header-6

A Georgian Saga (Record no. 13652)

000 -LEADER
fixed length control field 00370nam a22001337a 4500
020 ## - INTERNATIONAL STANDARD BOOK NUMBER
ISBN 9780195978483
082 ## - DEWEY DECIMAL CLASSIFICATION NUMBER
Classification number 975.80
Item number HAB
100 ## - MAIN ENTRY--AUTHOR NAME
Personal name Meherafroze Mirza Habib
245 ## - TITLE STATEMENT
Title A Georgian Saga
Remainder of title from the caucasus to the Indus
260 ## - PUBLICATION, DISTRIBUTION, ETC. (IMPRINT)
Place of publication Karachi
Name of publisher Oxford University Press
Year of publication 2005
300 ## - PHYSICAL DESCRIPTION
Number of Pages XVI, 180 Pages
650 ## - SUBJECT ADDED ENTRY--TOPICAL TERM
Topical Term Pakistan, Indus, Georgian Saga
942 ## - ADDED ENTRY ELEMENTS (KOHA)
Koha item type Books
Holdings
Withdrawn status Lost status Collection code Permanent Location Current Location Shelving location Date acquired Full call number Accession Number Koha item type
    English Literature MAJU MAJU Shelf No.A14 2023-01-05 975.80 HAB 10745 Books

Powered by Koha